Guess the Greek God - Statistics

General Stats
  • This quiz has been taken 29 times
    27 since last reset
  • The average score is 11 of 15
Answer Stats
Hint Answer % Correct
☠️😈 Hades
100%
👑👰‍♀ Hera
96%
👑⚡️ Zeus
96%
🎵☀️ Appollo
92%
🗡🛡 Ares
92%
❤️💄 Aphrodite
88%
⚔️🧠 Athena
88%
✉️😆 Hermes
88%
🏹🌙 Artemis
80%
🌾🌱 Demeter
80%
⚒️🔥 Hephaestus
68%
🏠🔥 Hestia
56%
🌈🪙 Iris
40%
🌊🔱 Posiedon
24%
🍷🥳 Dionysius
8%
No matching quizzes found
Score Distribution
Percent of People with Each Score
Percentile by Number Answered
Your Score History
You have not taken this quiz since the last reset